00370ntaaa2200145 45000030003000000050017000030080021000200400037000410820017000781000018000952450043001132500038001563000011001946500019002050120251027201945.00714s1973 ag 01  aAR-BaBNbspacAR-BaBNeaacrdRIC a248.0000 L41 aLaw, William  aSerious call to a devout and holy life a1 ed. : bRiverside Press, cn.f. a175 p. aVida Cristiana